| 000 | 00603nam a22002057a 4500 | ||
|---|---|---|---|
| 005 | 20240207155522.0 | ||
| 008 | 240205b |||||||| |||| 00| 0 eng d | ||
| 020 |
_a9789385503535 _cRs.799.00 |
||
| 040 | _aLoreto College | ||
| 041 | _aEnglish | ||
| 082 |
_a371.9 _bBAS |
||
| 100 | _aBasha, Syed Hayath | ||
| 245 |
_aInclusive education _bpolicies and practices _cSyed Hayath Basha and Naseerali M.K. |
||
| 260 |
_aNew Delhi _bNew Delhi Publishers _c2017 |
||
| 300 |
_a277p. _b21cm. |
||
| 650 | _aInclusive education | ||
| 700 |
_4Auth _aM.K.,Naseerali |
||
| 850 | _aLCBED | ||
| 942 | _cBK | ||
| 999 |
_c43636 _d94115 |
||